Determinación de factores camión y espectros de carga representativos de autobuses urbanos e interurbanos para diseño de pavimientos flexibles en carreteras de Costa Rica
שמור ב:
| מחבר ראשי: | |
|---|---|
| פורמט: | ספר |
| שפה: | Spanish |
| יצא לאור: |
[San José], Costa Rica
2013
|
| נושאים: | |
| תגים: |
הוספת תג
אין תגיות, היה/י הראשונ/ה לתייג את הרשומה!
|
MARC
| LEADER | 00000nam a22000007a 4500 | ||
|---|---|---|---|
| 003 | 011869 | ||
| 005 | 20221231143903.0 | ||
| 008 | 150318b2013 c a|||| |||| 00| ||spa d | ||
| 040 | |c cru CEDI | ||
| 090 | |a TFG 7037 | ||
| 100 | |9 558 |a Espinoza González, Juan Carlos | ||
| 245 | |a Determinación de factores camión y espectros de carga representativos de autobuses urbanos e interurbanos para diseño de pavimientos flexibles en carreteras de Costa Rica | ||
| 260 | |a [San José], Costa Rica |c 2013 | ||
| 500 | |a Proyecto de graduación (licenciatura en ingeniería civil)--Universidad de Costa Rica. Facultad de Ingeniería. Escuela de Ingeniería Civil | ||
| 650 | |x CARGAS DINAMICAS (PAVIMENTO) |x AUTOBUSES |x PAVIMENTOS FLEXIBLES - DISEÑO Y CONSTRUCCION - COSTA RICA |x RESISTENCIA DE MATERIALES |x INGENIERÍA DE CARRETERAS - COSTA RICA |x TRAFICO DE CARRETERAS |9 559 | ||
| 942 | |c TFG | ||
| 999 | |c 13747 |d 13747 | ||
